zpět

Detail výsledku týmu

Krásná Morava, Olomouc

Datum a čas kvízu

24.5 Celkem bodů Celkový počet nahraných bodů na tomto kvízu bez doplňovacích otázek.
16. Pořadí na kvízu Konečné umístění týmu na tomto kvízu.

Zaznamenané odpovědi

# Otázka Odpověď Body Výsledky
1. Dnešní speciál začneme u něčeh... gibanica 0
2. Pod kterým názvem na 10 písmen... Sauerkraut 1
3. Z čeho se připravuje pravý víd... C 1
4. Polbo á feira je tradičním pok... z chobotnice 1
5. Rýže podávaná takto ve tvaru k... Jáva 0
6. Mezi nejvýznamnější místa vzta... Mikulčice 1
7. Jeden z nejkrásnějších výhledů... Máj 1
8. Oblíbenou atrakcí jsou bobové... B 0
9. Ve kterém pohoří můžeme navští... v Orlických horách 0
10. Který moravský zámek jsme takt... Vranov nad Dyjí 0